| 000 | 01110cam a2200337 a 4500 | ||
|---|---|---|---|
| 001 | 000012287 | ||
| 003 | DO-SdBNP | ||
| 005 | 20260115091317.0 | ||
| 008 | 000519r20001976sp b 000 0 spa | ||
| 010 | _a00316857 | ||
| 020 | _a843131754X | ||
| 040 |
_aDO-SdBNP _bspa _cBNPHU |
||
| 049 | _aBNGR | ||
| 082 | _a370.115 | ||
| 100 | 1 |
_aIsaacs, David. _928937 |
|
| 245 | 1 | 3 |
_aLa educación de las virtudes humanas y su evaluación / _cDavid Isaacs. |
| 250 | _a13. ed., ampliada. | ||
| 260 |
_aPamplona : _bEUNSA, _c2000. |
||
| 300 |
_a474 p. ; _c22 cm. |
||
| 490 | 1 |
_aAstrolabio ; _v65 |
|
| 490 | 1 | _aEducación | |
| 500 | _aRev. ed. of: La educación de las virtudes humanas. 1976. | ||
| 504 | _aIncludes bibliographical references. | ||
| 650 | 0 |
_aConducta de vida _911947 _2LIBRUNAM |
|
| 650 | 7 |
_aGrupos sociales _91635 _2LIBRUNAM |
|
| 700 | 1 |
_aIsaacs, David. _tEducación de las virtudes humanas. _928938 |
|
| 830 | 0 |
_aAstrolabio (Pamplona, Spain) ; _v65. _928939 |
|
| 830 | 0 |
_aEducacion (Ediciones Universidad de Navarra, S.A.) _928940 |
|
| 910 | _aCatalogación derivada | ||
| 942 |
_2ddc _cLBS1 |
||
| 999 |
_c11944 _d11944 |
||